书目信息 |
| 题名: |
泰山脊梁
|
|
| 作者: | 齐欣 著 | |
| 分册: | ||
| 出版信息: | 北京 人民日报出版社 2020.03 |
|
| 页数: | 327页 | |
| 开本: | 23cm | |
| 丛书名: | ||
| 单 册: | ||
| 中图分类: | I253.7 , K828.2=76 | |
| 科图分类: | ||
| 主题词: | 报告文学--bao gao wen xue--中国--当代 | |
| 电子资源: | ||
| ISBN: | 978-7-5115-6243-2 | |
| 000 | 01049nam0 2200265 450 | |
| 001 | 0100015639 | |
| 005 | 20200929160439.0 | |
| 010 | @a978-7-5115-6243-2@dCNY68.00 | |
| 100 | @a20200420d2020 em y0chiy50 ea | |
| 101 | 0 | @achi |
| 102 | @aCN@b110000 | |
| 105 | @ay z 000yd | |
| 106 | @ar | |
| 200 | 1 | @a泰山脊梁@Atai shan ji liang@f齐欣著 |
| 210 | @a北京@c人民日报出版社@d2020.03 | |
| 215 | @a327页@d23cm | |
| 314 | @a齐欣, 山东省泰安市作家协会常务副主席等职。 | |
| 330 | @a本书为长篇报告文学作品, 通过大量真实感人的事例和鲜活的情节细节, 生动再现了全国劳动模范、全国脱贫攻坚奖贡献奖获得者、齐鲁时代楷模、大陡山村原支部书记苏庆亮同志三次放弃机关工作, 带领全村干部群众二十一年如一日绿化荒山, 种植苗圃, 建立茶园, 发展旅游, 最终把全乡闻名的贫穷落后村, 建设成全国文明小康村的奋斗历程。 | |
| 600 | 0 | @a苏庆亮@Asu qing liang@x先进事迹 |
| 606 | 0 | @a报告文学@Abao gao wen xue@y中国@z当代 |
| 690 | @aI253.7@v5 | |
| 690 | @aK828.2=76@v5 | |
| 701 | 0 | @a齐欣@Aqi xin@4著 |
| 801 | 0 | @aCN@c20200420 |
| 905 | @a河南城建学院图书馆@dI253.7@f2@eQ075 | |
| 泰山脊梁/齐欣著.-北京:人民日报出版社,2020.03 |
| 327页;23cm |
| ISBN 978-7-5115-6243-2:CNY68.00 |
| 本书为长篇报告文学作品, 通过大量真实感人的事例和鲜活的情节细节, 生动再现了全国劳动模范、全国脱贫攻坚奖贡献奖获得者、齐鲁时代楷模、大陡山村原支部书记苏庆亮同志三次放弃机关工作, 带领全村干部群众二十一年如一日绿化荒山, 种植苗圃, 建立茶园, 发展旅游, 最终把全乡闻名的贫穷落后村, 建设成全国文明小康村的奋斗历程。 |
| ● |
| 相关链接 |
|
|
|
正题名:泰山脊梁
索取号:I253.7/Q075
 
预约/预借
| 序号 | 登录号 | 条形码 | 馆藏地/架位号 | 状态 | 备注 |
| 1 | 1492100 | 214921003 | 文学库108/108文学库 68排8列5层/ [索取号:I253.7/Q075] | 在馆 | |
| 2 | 1492101 | 214921012 | 文学库108/108文学库 68排8列5层/ [索取号:I253.7/Q075] | 在馆 |